Historia del Derecho natural y de gentes.

Uloženo v:
Podrobná bibliografie
Hlavní autor: Marín y Mendoza, Joaquín (autor)
Další autoři: García Pelayo, Manuel
Médium: Kniha
Jazyk:španělština
Vydáno: Madrid, España: Instituto de Estudios Políticos, 1950.
Edice:Colección Civitas.
Témata:
Tagy: Přidat tag
Žádné tagy, Buďte první, kdo vytvoří štítek k tomuto záznamu!

MARC

LEADER 00000nam a2200000 a 4500
001 UCR2501
003 CL-VaPUC
005 20220822114336.0
008 980112e19500000SP |||||||||||||||||spa|d
999 |c 265636  |d 265634 
040 |c Pontificia Universidad Católica de Valparaíso 
082 0 4 |a 340.112 MAR 1950  |2 21 
100 |a Marín y Mendoza, Joaquín  |e autor  |9 400352 
245 1 0 |a Historia del Derecho natural y de gentes. 
260 |a Madrid, España:   |b Instituto de Estudios Políticos,   |c 1950.  
300 |a 69 páginas.  
490 0 |a Colección Civitas. 
500 |a c.2 Donación Familia Prof. Alejandro Guzmán Brito. 
583 |a last modification  |c 19980112 00:00:00  |k Rodrigo Vera 
600 0 |a Hobbes, Thomas  |d 1588-1679  |9 860396 
600 0 |a Montesquieu, Charles Louis de Secondat, Barón de,  |d 1689-1755  |9 867047 
600 0 7 |a ROUSSEAU  |2 CL-VaPUC  |9 400354 
650 0 |a Derecho natural   |9 255041 
650 7 |a DERECHO INTERNACIONAL PUBLICO  |2 CL-VaPUC  |9 400355 
650 0 |a Derecho público   |9 255910 
650 0 |a Política  |9 255312 
650 0 |a Historia del derecho  |9 255109 
700 |a García Pelayo, Manuel   |9 865486 
942 |c BK  |2 ddc  |n 0 
945 |d 19980112 00:00:00  |a crobeson 
952 |0 0  |1 0  |4 0  |6 340_112000000000000_MAR_1950  |7 0  |8 DER_HIS  |9 296641  |a BIBDER  |b BIBDER  |d 2019-11-20  |i 192415K  |o 340.112 MAR 1950  |p 192415K  |r 2023-01-25  |w 2019-11-20  |x Ubicación 4to Piso  |y BK_X  |z Estos recursos deben solicitarse con anticipación  |k DER